Proyekto de lei sobre medidas nazionales presentado al 1er. Kongreso Zientífico Panamerikano, zelebrado en Santiago de Chile. 25 de diziembre de 1908 a 5 de enero de 1909

-д хадгалсан:
Номзүйн дэлгэрэнгүй
Үндсэн зохиолч: Salazar, A. E. (Зохиогч)
Бусад зохиолчид: Newman, Karlos (autor)
Формат: Ном
Хэл сонгох:испани
Хэвлэсэн: Valparaíso Franzisko Enrríquez, San Franzisko, 41 1914
Хэвлэл:1a. ed
Нөхцлүүд:
Шошгууд: Шошго нэмэх
Шошго байхгүй, Энэхүү баримтыг шошголох эхний хүн болох!

MARC

LEADER 00000nam a2200000 a 4500
001 UCJ4585
003 CL-VaPUC
008 070124e19140000CL |||||||||||||||||spa|d
082 0 4 |a 090  |b SAL  |2 21 
100 0 |a Salazar, A. E.  |e author  |9 508583 
700 |a Newman, Karlos  |e autor  |9 508584 
245 1 0 |a Proyekto de lei sobre medidas nazionales presentado al 1er. Kongreso Zientífico Panamerikano, zelebrado en Santiago de Chile. 25 de diziembre de 1908 a 5 de enero de 1909 
250 |a 1a. ed 
300 |a 31 p 
942 |c BK 
945 |d 20070124 00:00:00  |a rinostro 
260 |a Valparaíso  |b Franzisko Enrríquez, San Franzisko, 41  |c 1914 
500 |a Libro raro por estar escrito siguiendo las normas ortográficas de los llamados Neógrafos, quienes a fines del siglo 19 y comienzos del 20, propiciaban el uso de la Ortografía Racional, modalidad que no prosperó quedando sólo como una curiosidad ortográfica 
650 7 |a PESOS Y MEDIDAS  |2 CL-VaPUC  |9 504825 
650 7 |a METROLOGIA  |2 CL-VaPUC  |9 271765 
650 7 |a NEOGRAFOS  |2 CL-VaPUC  |9 342451 
650 7 |a ORTOGRAFIA RACIONAL  |2 CL-VaPUC  |9 342450 
650 7 |a LIBRO RARO  |2 CL-VaPUC  |9 504169 
583 |a last modification  |c 20070124 00:00:00  |k Rodrigo Vera 
999 |c 320701  |d 320699 
952 |0 0  |1 0  |4 0  |6 090_000000000000000_SAL_1914  |7 0  |8 X  |9 399274  |a FDOBUD  |b FDOBUD  |d 2019-11-22  |i 1022032  |o 090 SAL 1914  |p 1022032  |r 2019-11-22  |w 2019-11-22  |y BK_X  |k BUD